LEADER 01336nam--2200397---450- 001 990000498900203316 005 20090226161518.0 010 $a88-464-2696-7 035 $a0049890 035 $aUSA010049890 035 $a(ALEPH)000049890USA01 035 $a0049890 100 $a20010611d2001----km-y0itay0103----ba 101 0 $aita 102 $aIT 105 $a||||||||001yy 200 1 $aTurismo e culture del territorio I$estrumenti per la valorizzazione$ei musei etnografici e la promozione di grandi eventi$fAndrea Macchiavelli, Roberta Garibaldi 210 $aMilano$cFranco Angeli$dcopyr. 2001 215 $a124 cm$d24 cm 225 2 $aQuaderni di viaggi e turismo$fCestit 410 0$12001$aQuaderni di viaggi e turismo$fCestit 606 $aTurismo$xAspetti socio-culturali 676 $a338.479145 700 1$aMACCHIAVELLI,$bAndrea$0150356 701 1$aGARIBALDI,$bRoberta$0145719 801 0$aIT$bsalbc$gISBD 912 $a990000498900203316 951 $a338.479 MAC 1 (IEP V 229/1)$b9101 E.C.$cIEP V$d00073039 959 $aBK 969 $aECO 979 $aCHIARA$b40$c20010611$lUSA01$h1001 979 $c20020403$lUSA01$h1658 979 $aPATRY$b90$c20040406$lUSA01$h1635 979 $aRSIAV4$b90$c20090226$lUSA01$h1615 996 $aTurismo e culture del territorio I$9474205 997 $aUNISA LEADER 01913nam 2200661Ia 450 001 9910463944103321 005 20110215134335.0 035 $a(CKB)3170000000047618 035 $a(OCoLC)787846596 035 $a(CaPaEBR)ebrary10539458 035 $a(SSID)ssj0000726526 035 $a(PQKBManifestationID)11956233 035 $a(PQKBTitleCode)TC0000726526 035 $a(PQKBWorkID)10683914 035 $a(PQKB)11659293 035 $a(MiAaPQ)EBC3327228 035 $a(Au-PeEL)EBL3327228 035 $a(CaPaEBR)ebr10539458 035 $a(EXLCZ)993170000000047618 100 $a20100408d2010 uy 0 101 0 $aswe 181 $ctxt 182 $cc 183 $acr 200 10$aVa?gen ut ur Afghanistan$b[electronic resource] /$fPierre Schori 210 $aStockholm $cLeopard$d2010 215 $a1 online resource (139 p.) 225 0 $aLeopard debatt 300 $aBibliographic Level Mode of Issuance: Monograph 311 $a91-7343-284-9 606 $aSvenska fredsbevarande styrkor$zAfghanistan$2sao 606 $aFredsbevarande operationer 606 $aFN 606 $aSvenska fredsbevarande styrkor 606 $aAfghanistan 606 $aPeacekeeping operations 606 $aUN 606 $aPeacekeeping forces 608 $aElectronic books. 610 $aAfghanistan 610 $aFredsbevarnade styrkor 615 7$aSvenska fredsbevarande styrkor 615 4$aFredsbevarande operationer. 615 4$aFN. 615 4$aSvenska fredsbevarande styrkor. 615 4$aAfghanistan. 615 4$aPeacekeeping operations. 615 4$aUN. 615 4$aPeacekeeping forces. 676 $a355.357 700 $aSchori$b Pierre$f1938-$0990298 801 0$bMiAaPQ 801 1$bMiAaPQ 801 2$bMiAaPQ 906 $aBOOK 912 $a9910463944103321 996 $aVa?gen ut ur Afghanistan$92265410 997 $aUNINA